000 00231nam a22001097a 4500
999 _c158265
_d158265
082 _a
_b
100 _aBhasheer M M
245 _aAndhardara/
_cby Bhasheer M M.
260 _aKottayam:
_bN B S,
_c1993.
650 _a
942 _cBK